Nejefektivnější úspora: cílená investice do rozvoje lidských zdrojů

Aj v dobe krízy je potrebné pracovať s ľuďmi, ktorí sú pre firmu a jej fungovanie nepostrádateľní.

Saved in:
Bibliographic Details
Main Author: Ričánková, Mária
Format: Book Chapter
Language:Czech
Subjects:
Tags: Add Tag
No Tags, Be the first to tag this record!

MARC

LEADER 00000naa$a2200000$$$4500
001 0100828
005 20231019114951.7
041 0 |a cze 
044 |a CZ 
245 1 0 |a Nejefektivnější úspora: cílená investice do rozvoje lidských zdrojů  |c Mária Ričánková 
520 |a Aj v dobe krízy je potrebné pracovať s ľuďmi, ktorí sú pre firmu a jej fungovanie nepostrádateľní. 
610 2 0 |a podnik 
610 2 0 |a recesia 
610 2 0 |a rozvoj pracovníkov 
610 2 0 |a zdroje ľudské 
100 1 |a Ričánková, Mária